000 00404pab a2200157 454500
008 180718b2015 xxu||||| |||| 00| 0 eng d
100 _aValera, Poonam B.
245 _aContemporary issues in Indian higher education
260 _c2015
300 _ap.24-28.
362 _a27 Jul
650 _aHigher education - India
650 _aHigher education
773 _aUniversity News
909 _a108553
999 _c108548
_d108548